| 000 | 00604nam a2200193Ia 4500 | ||
|---|---|---|---|
| 003 | GCL | ||
| 008 | 140319s9999 xx 000 0 ara d | ||
| 040 |
_aGCL / _cGCL |
||
| 082 | 0 | 4 |
_a823 _bم ا |
| 100 | 1 | _aماكوى, هوراس | |
| 245 | 1 | 0 |
_aوانهم يقتلون الحياد اليس كذلك ? / _cماكوى, هوراس |
| 700 | 1 | _aنوح حزين | |
| 260 |
_a[S.N] : _bدار ابن رشد للطباعة والنشر ، _c1983 |
||
| 300 | _a159 ص | ||
| 490 | _a | ||
| 650 | 0 | 4 | _aالادب الامريكى المترجم |
| 650 | 0 | 4 | _aالقصص الامريكية |
| 942 |
_2ddc _cBK |
||
| 999 |
_c36109 _d36109 |
||